Human Development in South Asia 2001 (Record no. 351793)
[ view plain ]
| 000 -LEADER | |
|---|---|
| fixed length control field | 00645nam a22001937a 4500 |
| 003 - CONTROL NUMBER IDENTIFIER | |
| control field | OSt |
| 005 - DATE AND TIME OF LATEST TRANSACTION | |
| control field | 20180116183055.0 |
| 008 - FIXED-LENGTH DATA ELEMENTS--GENERAL INFORMATION | |
| fixed length control field | 160907b xxu||||| |||| 00| 0 eng d |
| 020 ## - INTERNATIONAL STANDARD BOOK NUMBER | |
| International Standard Book Number | 9780195797640 |
| 040 ## - CATALOGING SOURCE | |
| Transcribing agency | 0 |
| 082 ## - DEWEY DECIMAL CLASSIFICATION NUMBER | |
| Classification number | 338.95 HUM 2002 |
| 100 ## - MAIN ENTRY--PERSONAL NAME | |
| Personal name | Mahbub ul Haq Human Development Centre |
| 110 ## - MAIN ENTRY--CORPORATE NAME | |
| Corporate name or jurisdiction name as entry element | Mahbub ul Haq Human Development Centre |
| 245 ## - TITLE STATEMENT | |
| Title | Human Development in South Asia 2001 |
| Remainder of title | Globalisation and Human Development |
| Statement of responsibility, etc. | Mahbub ul Haq Human Development Centre |
| 260 ## - PUBLICATION, DISTRIBUTION, ETC. | |
| Place of publication, distribution, etc. | Karachi Pakistan |
| Name of publisher, distributor, etc. | OXFORD University Press |
| Date of publication, distribution, etc. | 2002 |
| 300 ## - PHYSICAL DESCRIPTION | |
| Extent | 180 p. |
| Other physical details | PB |
| 440 ## - SERIES STATEMENT/ADDED ENTRY--TITLE | |
| Title | Human Development in South Asia 2001 |
| 942 ## - ADDED ENTRY ELEMENTS (KOHA) | |
| Source of classification or shelving scheme | |
| Koha item type | Book |
| Withdrawn status | Lost status | Source of classification or shelving scheme | Damaged status | Not for loan | Permanent Location | Current Location | Shelving location | Date acquired | Total Checkouts | Full call number | Barcode | Date last seen | Date last checked out | Price effective from | Koha item type |
|---|---|---|---|---|---|---|---|---|---|---|---|---|---|---|---|
| Central Library (CL) | Central Library (CL) | Economics | 09/07/2016 | 1 | 338.95 HAQ | NBSD-2826 | 11/22/2017 | 08/15/2017 | 09/07/2016 | Book | |||||
| Central Library (CL) | Central Library (CL) | Economics | 05/25/2024 | 338.95 HAQ | NBSD-2945 | 05/25/2024 | 05/25/2024 | Book |
